| 000 | 00715nam a2200241 4500 | ||
|---|---|---|---|
| 003 | OSt | ||
| 005 | 20240611030735.0 | ||
| 006 | a | ||
| 008 | 240611b |||||||| |||| 00| 0 eng d | ||
| 020 | _a9780071276337 | ||
| 040 |
_aDWCL-Main lib. _cOC |
||
| 082 |
_2third edition _aCirc. 658.4012 W179m 2009 |
||
| 100 | _aWalker, Gordon | ||
| 245 | _aModern comptetitive strategy / | ||
| 250 | _athird edition | ||
| 260 |
_aSingapore : _bMcGraw-Hill, _cc2009. |
||
| 300 |
_axvii, _b392 p. : col. ill. ; _c23 cm. |
||
| 504 | _aIncludes glossary & indexes. | ||
| 650 | _a1. Strategic planning. | ||
| 650 | _a2. Industrial management. | ||
| 700 | _aGordon Walker | ||
| 942 |
_2ddc _n0 _cBK-CIRC _ethird edition _kCirc. |
||
| 999 |
_c519 _d519 |
||